Anime par image de lieux - Statistiques

Statistiques générales
  • Ce quiz a été pris 5 335 fois
  • Le résultat moyen est 8 sur 16
Statistiques - réponses
Par images Réponse % Correct
Naruto (Konoha)
99%
Dragon Ball (Namek)
91%
My Hero Academia (U.A.)
90%
Dr. Stone (Village Ishigami)
64%
Sword Art Online (Aincrad)
62%
Death Note (Royaume des Dieux de la Mort)
60%
Jujutsu Kaisen (École d'Exorcisme de Kyoto)
56%
Bleach (Soul Society)
55%
The Promised Neverland (Grace Field House)
55%
Pokémon (Laboratoire du Professeur Chen)
47%
One Punch Man (Ville A)
39%
Food Wars (le Yukihira)
38%
Fullmetal Alchemist (Quartier Général de Central)
38%
Spy x Family (Académie Eden)
37%
Jojo's Bizarre Adventure (Manoir des Joeystar)
9%
City Hunter (Appartement de Ryo (Nicky))
4%
Aucun quiz correspondant
Distribution des résultats
% des personnes avec chaque résultat
Percentile par nombre de réponses
Votre historique - résultats
Vous n’avez pas pris ce quiz